A Guide to teaching introductory psychology / (Record no. 8955)

MARC details
000 -LEADER
fixed length control field 00882nam a22002532 4500
001 - CONTROL NUMBER
control field 0000019415
005 - DATE AND TIME OF LATEST TRANSACTION
control field 20151217152154.0
008 - FIXED-LENGTH DATA ELEMENTS--GENERAL INFORMATION
fixed length control field 101115s xx 000 0 eng d
020 ## - INTERNATIONAL STANDARD BOOK NUMBER
International Standard Book Number 1405151511 :
040 ## - CATALOGING SOURCE
Original cataloging agency KABU
Transcribing agency KABU
100 1# - MAIN ENTRY--PERSONAL NAME
Personal name Goss Lucas, Sandra.
-- 0000179675
245 12 - TITLE STATEMENT
Title A Guide to teaching introductory psychology /
Statement of responsibility, etc. Sandra Goss Lucas.
250 ## - EDITION STATEMENT
Edition statement Oxford ed.
260 ## - PUBLICATION, DISTRIBUTION, ETC. (IMPRINT)
Place of publication, distribution, etc. Blackwell :
Name of publisher, distributor, etc. 2008.
300 ## - PHYSICAL DESCRIPTION
Extent xii, 311 p.
650 #0 - SUBJECT ADDED ENTRY--TOPICAL TERM
Topical term or geographic name as entry element Psychology
General subdivision Study and teaching.
-- 0000159273
852 1# - LOCATION
-- p2860 PES
852 1# - LOCATION
-- p2860 PES
852 1# - LOCATION
-- p2860 PES
852 1# - LOCATION
-- p2860 PES
852 1# - LOCATION
-- p4804 PES
908 ## - PUT COMMAND PARAMETER (RLIN)
Put command parameter 101115
950 ## - LOCAL HOLDINGS (RLIN)
-- 1
Holdings
Withdrawn status Lost status Source of classification or shelving scheme Not for loan Home library Current library Date acquired Total Checkouts Full call number Barcode Date last seen Date last checked out Price effective from Koha item type Cost, normal purchase price
    Library of Congress Classification   Kabarak, Main Campus Kabarak, Main Campus 17/12/2015 1 BF77 .G67 2008 c. 1 23380 02/08/2024 27/01/2020 17/12/2015 General Collection  
    Library of Congress Classification   Kabarak, Main Campus Kabarak, Main Campus 17/12/2015 1 BF77 .G67 2008 c. 2 23344 02/08/2024 02/11/2017 17/12/2015 General Collection  
    Library of Congress Classification   Kabarak, Main Campus Kabarak, Main Campus 17/12/2015 1 BF77 .G67 2008 c. 3 23349 02/08/2024 20/02/2016 17/12/2015 General Collection  
    Library of Congress Classification   Kabarak, Main Campus Kabarak, Main Campus 17/12/2015   BF77 .G67 2008 c. 4 23379 02/08/2024   17/12/2015 General Collection  
    Library of Congress Classification   Kabarak, Main Campus Kabarak, Main Campus 17/12/2015 2 BF77 .G67 2008 c. 5 22680 02/08/2024 21/01/2020 17/12/2015 General Collection  
    Library of Congress Classification   Kabarak, Main Campus Kabarak, Main Campus 17/12/2015   BF77 .G67 2008 c. 6 032571 02/08/2024   17/12/2015 General Collection 4622.00
    Library of Congress Classification   Kabarak, Main Campus Kabarak, Main Campus 17/12/2015   BF77 .G67 2008 c. 7 032572 02/08/2024   17/12/2015 General Collection 4622.00
Designed with assistance from East African Informatics Ltd